|
|
|
|
| LEADER |
00000nam0a2200000 4500 |
| 001 |
343312 |
| 005 |
20231102005538.0 |
| 010 |
|
|
|a 9785902514923
|
| 035 |
|
|
|a (RuTPU)RU\TPU\book\373363
|
| 090 |
|
|
|a 343312
|
| 100 |
|
|
|a 20190828d2019 m y0rusy50 ca
|
| 101 |
0 |
|
|a rus
|
| 102 |
|
|
|a RU
|
| 105 |
|
|
|a ac z 010zy
|
| 200 |
1 |
|
|a Томск-415. Мой любимый город
|f Администрация города Томска ; авт.-сост. Е. Э. Павленко ; под ред. И. Г. Кляйна, Е. Э. Павленко, Н. А. Белоуса
|
| 210 |
|
|
|a Томск
|c Д-Принт
|d 2019
|
| 215 |
|
|
|a 151 с.
|c ил.
|e сувенир "Деревянная лошадка"
|
| 300 |
|
|
|a Книга в футляре
|
| 606 |
1 |
|
|a Томск, г.
|x История
|2 stltpush
|3 (RuTPU)RU\TPU\subj\67226
|9 83109
|
| 610 |
1 |
|
|a альбомы
|
| 610 |
1 |
|
|a фотографии
|
| 610 |
1 |
|
|a культура
|
| 610 |
1 |
|
|a архитектура
|
| 610 |
1 |
|
|a спорт
|
| 610 |
1 |
|
|a молодежь
|
| 610 |
1 |
|
|a образование
|
| 686 |
|
|
|a Т3(253.3-4Том)
|v LBC/SL-A
|2 rubbk
|
| 702 |
|
1 |
|a Павленко
|b Е. Э.
|4 070
|4 220
|
| 702 |
|
1 |
|a Кляйн
|b И. Г.
|c мэр г. Томска
|c выпускник АВТФ Томского политехнического института
|f 1959-
|g Иван Григорьевич
|2 stltpush
|3 (RuTPU)RU\TPU\pers\44318
|4 340
|
| 702 |
|
1 |
|a Павленко
|b Е. Э.
|4 340
|
| 702 |
|
1 |
|a Белоус
|b Н. А.
|4 340
|
| 712 |
0 |
1 |
|a Томск, город
|b Администрация
|2 stltpush
|3 (RuTPU)RU\TPU\col\3145
|9 23774
|
| 801 |
|
1 |
|a RU
|b 63413507
|c 20190828
|
| 801 |
|
2 |
|a RU
|b 63413507
|c 20190930
|g RCR
|
| 942 |
|
|
|c BK
|